| 000 | 02642nam a2200433 c 4500 | ||
|---|---|---|---|
| 003 | BLK | ||
| 005 | 20250407154222.0 | ||
| 008 | 180408b bul|||||r ||||||| ||bul|| | ||
| 010 | _aKNG00066281000 | ||
| 040 | _aBLK | ||
| 041 |
_aBUL _cBUL |
||
| 080 |
_aИстория на България _b94(497.2) _x _z94(497.2) |
||
| 080 |
_aВъзстановяване и развитие на България след Освобождението (1878-1900) _b94(497.2)"1878/1900" _x _z94(497.2)"1878/1900" |
||
| 080 |
_aБългария в началото на ХХ в. (1901-1908) _b94(497.2)"1901/1908" _x _z94(497.2)"1901/1908" |
||
| 700 | 1 |
_aКосев, Димитър _eглав. ред. _9369993 |
|
| 700 | 1 |
_aБеров, Любен _eавт. на том _9370096 |
|
| 139 |
_aИстория на България _bИ 95 |
||
| 245 | 1 | 0 |
_aИстория на България _bВ 14 т. _cглав. ред. Димитър Косев; авт. на том Любен Беров. _nТ. 7 _pВъзстановяване и утвърждаване на българската държава |
| 257 | _aBGR | ||
| 260 |
_аСофия _bБАН _c1979 - |
||
| 300 | _c31 см | ||
| 380 | _a9 | ||
| 500 | _aИзд. на БАН. Инст. по история. | ||
| 504 | _a539-554 | ||
| 505 |
_g _r _tНационалноосвободителни борби 1878 - 1903 |
||
| 650 | 0 |
_aБългария - история _9244493 |
|
| 650 | 0 |
_aБългария - история, нова _9241998 |
|
| 651 | 4 |
_aБългария _9241624 |
|
| 653 | _aбългарска история | ||
| 653 | _aнова история | ||
| 653 | _aнационалноосвободителни движения | ||
| 760 | 1 |
_d1991 _h559 с., 31 см _nДруги авт. : В. Божинов, Г. Георгиев, С. Грънчаров, Ил. Димитров, Д. Дойнов, И. Йотов, М. Куманов, К. Ламбрев, В. Николова, Л. Панайотов, К. Пандев, А. Пантев, М. Петров, Е. Стателова, Ив. Танчев, Г. Тодоров, Вл. Топалов, Кр. Шарова, отбелязани на с. 7. - Показалец на личните имена ; Показалец геогр. и етн. имена ; Хронол. табл. - 5 000 тир. - Библиогр. с. 539-554. _tТ. 7 Възстановяване и утвърждаване на българската държава |
|
| 852 | _aЦб ІІ 5876 | ||
| 856 | 4 |
_qpdf _u |
|
| 856 | 4 |
_qpdf _u |
|
| 942 |
_cKNG _n0 _05 |
||
| 944 |
_aCR _c13.06.2004 _lМинев Младен _k30530 |
||
| 944 |
_aED _c09.04.2010 _lф / _k |
||
| 999 |
_c62073 _d62073 |
||